Stav malého a stredného podnikania 1998

Guardado en:
Detalles Bibliográficos
Formato: Libro
Lenguaje:eslovaco
Publicado: Bratislava NARMSP 1999
Materias:
Etiquetas: Agregar Etiqueta
Sin Etiquetas, Sea el primero en etiquetar este registro!

MARC

LEADER 00000nam a2200000 4500
001 c116881
005 20221102132906.1
020 |a 80-88957-02-8 
041 0 |a slo 
044 |a SK 
245 1 0 |a Stav malého a stredného podnikania 1998 
264 1 |a Bratislava  |b NARMSP  |c 1999 
300 |a 75 s. 
610 2 0 |a podnikanie malé 
610 2 0 |a podnikanie stredné 
610 2 0 |a legislatíva 
610 2 0 |a podpora podnikania 
610 2 0 |a ministerstvá 
610 2 0 |a agentúry 
610 2 0 |a vzdelávanie 
610 2 0 |a programy rozvojové 
610 2 0 |a zdroje finančné 
610 2 0 |a úver 
610 2 0 |a pôžičky 
610 2 0 |a spolupráca hospodárska medzinárodná 
610 2 0 |a PHARE 
610 2 0 |a Nemecko 
610 2 0 |a 1998